Growth and latex yield on 4 rubber clones in swift resources (cambodia) limited, ការលូតលាស់និងទិន្នផលជ័រកៅស៊ូចំនួន ៤ក្លូន នៅក្នុងក្រុមហ៊ុនស្វីហ្វរីសស៏ (ខេមបូឌា) លីមីធីត (Record no. 10436)
[ view plain ]
| 000 -LEADER | |
|---|---|
| fixed length control field | 00717nam a22001577a 4500 |
| 003 - CONTROL NUMBER IDENTIFIER | |
| control field | OSt |
| 005 - DATE AND TIME OF LATEST TRANSACTION | |
| control field | 20161022141917.0 |
| 008 - FIXED-LENGTH DATA ELEMENTS--GENERAL INFORMATION | |
| fixed length control field | 161022b xxu||||| |||| 00| 0 eng d |
| 040 ## - CATALOGING SOURCE | |
| Transcribing agency | RUA |
| 082 ## - DEWEY DECIMAL CLASSIFICATION NUMBER | |
| Classification number | RUB SOK 2015 B476 Or.1 |
| 100 ## - MAIN ENTRY--PERSONAL NAME | |
| 9 (RLIN) | 10841 |
| Personal name | SOK CHANTON; សុខ ចន្ថន |
| 245 ## - TITLE STATEMENT | |
| Title | Growth and latex yield on 4 rubber clones in swift resources (cambodia) limited, ការលូតលាស់និងទិន្នផលជ័រកៅស៊ូចំនួន ៤ក្លូន នៅក្នុងក្រុមហ៊ុនស្វីហ្វរីសស៏ (ខេមបូឌា) លីមីធីត |
| 260 ## - PUBLICATION, DISTRIBUTION, ETC. (IMPRINT) | |
| Place of publication, distribution, etc. | RUA |
| Name of publisher, distributor, etc. | SOK |
| Date of publication, distribution, etc. | 2015 |
| 300 ## - PHYSICAL DESCRIPTION | |
| Extent | xi,53p. |
| Other physical details | ill. |
| Dimensions | 29cm. |
| 942 ## - ADDED ENTRY ELEMENTS (KOHA) | |
| Source of classification or shelving scheme | |
| Koha item type | RUB |
No items available.